00898cam a2200265Ka 450000500170000000800410001702000180005803500210007604000620009704100080015906000130016724500700018026000490025030000600029949000380035950400530039765000160045065000510046665000220051765000200053970000160055970000170057570000180059270000220061020211210112627.0150520s2012 xxuad frb 001 0 eng d a9781461422440 a(OCoLC)773812769 aCO-BoUCMcDeissy Garcia (modificó)dJose A. Gerenabspa0 aeng aQH 438.400aAnalysis of genetic association studiescGang Zheng ... [y otros] aNueva York (Estados Unidos)bSpringer c2012 axxii, 414 páginasbilustraciones, cuadros, gráficas0 aStatistics for biology and health aIncluye referencias bibliográficas e índices 7aGenética  7aMétodos matemáticos xAspectos genéticos 7aBioestadística  7aEpidemiología1 aZheng, Gang1 aYang, Yaning1 aZhu, Xiaofeng1 aElston, Robert C.